| 000 | 00511nam a2200145 4500 | ||
|---|---|---|---|
| 999 |
_c10321 _d10321 |
||
| 008 | 180822b ||||| |||| 00| 0 eng d | ||
| 022 | _a2094-8042 | ||
| 082 | _aDPer 370.105 M72 Jan-Dec 2011 v59-60 | ||
| 100 |
_930423 _aCanonizado, Isagani Costales |
||
| 245 |
_aThe secret of an effective executive/ _cIsagani Costales Canonizado. |
||
| 260 |
_aPhilippines: _bIn the Grade School, Inc., _cc2011. |
||
| 300 |
_av60 n2, page 53: _billustrations; _c27cm. |
||
| 650 | 0 |
_930424 _aLeadership. |
|
| 942 |
_2ddc _cPER |
||